书目信息 |
| 题名: |
画法几何及工程制图
|
|
| 作者: | ;西安交通大学工程制图教研室 编 | |
| 分册: | ||
| 出版信息: | 西安 陕西科学技术出版社 1982 |
|
| 页数: | 242页 | |
| 开本: | 25cm | |
| 丛书名: | ||
| 单 册: | ||
| 中图分类: | TB23 | |
| 科图分类: | ||
| 主题词: | 工程制图--画法几何 , 画法几何--工程制图 , 工程制图 | |
| 电子资源: | ||
| ISBN: | ||
| 000 | 00781sam0 2200265 45 xi | |
| 001 | 0637766357 | |
| 002 | 0195050106 | |
| 005 | 20060820081058.15 | |
| 010 | @dCNY1.45 | |
| 091 | @a15202.46(上) | |
| 100 | @a19950320d1982 demy0chiy0121 ea | |
| 101 | 0 | @achi |
| 102 | @aCN@b610000 | |
| 105 | @ay z 000yy | |
| 106 | @ar | |
| 200 | 10 | @a画法几何及工程制图@Ahua fa ji he ji gong cheng zhi tu@f西安交通大学工程制图教研室@Fxi an jiao tong da xue gong cheng zhi tu jiao yan shi |
| 210 | @a西安@c陕西科学技术出版社@d1982 | |
| 215 | @a242页@d25cm | |
| 606 | @a工程制图--画法几何 | |
| 606 | @a画法几何--工程制图 | |
| 606 | 0 | @a工程制图 |
| 690 | @aTB23@v3 | |
| 711 | 02 | @a西安交通大学工程制图教研室@4编 |
| 801 | 0 | @aCN@b上海图书馆 @c20060820 |
| 905 | @a10447@dTB23@e119:1 | |
| 画法几何及工程制图/西安交通大学工程制图教研室.-西安:陕西科学技术出版社,1982 |
| 242页;25cm |
| ISBN :CNY1.45 |
| ● |
| 相关链接 |
|
|
|
|
正题名:画法几何及工程制图
索取号:TB23/119:1
 
预约/预借
| 序号 | 登录号 | 条形码 | 馆藏地/架位号 | 状态 | 备注 |
| 1 | 0470244 | 204702447 | 密集书库/ [索取号:TB23/119:1] | 在馆 | |
| 2 | 0470245 | 204702456 | 密集书库/ [索取号:TB23/119:1] | 在馆 |